Θεσμοί και Εφαρμογές Κοινωνικής Οικονομίας / Η Οργανωμένη Κοινωνία των Πολιτών είναι το ''Μέσον'' ο Συνεργατισμός το ''Μήνυμα'' και η Ελπίδα του Κόσμου (Record no. 3025)
[ view plain ]
| 000 -LEADER | |
|---|---|
| fixed length control field | 01967cam a22001934a 4500 |
| 005 - ΗΜΕΡΟΜΗΝΙΑ ΚΑΙ ΩΡΑ ΤΕΛΕΥΤΑΙΑΣ ΕΝΗΜΕΡΩΣΗΣ | |
| Πεδίο ελέγχου | 20250605164103.0 |
| 008 - FIXED-LENGTH DATA ELEMENTS--GENERAL INFORMATION | |
| Πεδίο ελέγχου σταθερού μήκους | 250528s ||||||||||||||||||||||||d |
| 035 ## - SYSTEM CONTROL NUMBER | |
| System control number | 17622 |
| 020 ## - ISBN | |
| ISBN | 9786188117006 |
| 040 ## - ΠΗΓΗ ΚΑΤΑΛΟΓΟΓΡΑΦΗΣΗΣ | |
| Φορέας πρωτότυπης καταλογογράφησης | MC Athens Campus Library |
| Γλώσσα καταλογογράφησης | Ελληνικά, Μοντέρνα (1453-) |
| Modifying agency | MC Athens Campus Library |
| Κανόνες περιγραφικής καταλογογράφησης | AACR2 |
| 245 1# - ΤΙΤΛΟΣ ΚΑΙ ΔΗΛΩΣΗ ΥΠΕΥΘΥΝΟΤΗΤΑΣ | |
| Τίτλος | Θεσμοί και Εφαρμογές Κοινωνικής Οικονομίας / Η Οργανωμένη Κοινωνία των Πολιτών είναι το ''Μέσον'' ο Συνεργατισμός το ''Μήνυμα'' και η Ελπίδα του Κόσμου |
| 260 ## - PUBLICATION, DISTRIBUTION, ETC. | |
| Name of publisher, distributor, etc. | Παρατηρητήριο, |
| Date of publication, distribution, etc. | 2014 |
| 300 ## - PHYSICAL DESCRIPTION | |
| Extent | 302 |
| 520 ## - SUMMARY, ETC. | |
| Summary, etc. | Το βιβλίο εξετάζει τρεις συσχετιζόμενες έννοιες: ''κοινωνία πολιτών'', ''κοινωνική οικονομία'' και συμμετοχική δημοκρατία''. Εισαγωγή, Η Θέσμιση της Κοινωνικής Οικονομίας, Τι είναι η Κοινωνική Οικονομία, Η Κοινωνική Οικονομία ως Παγκόσμιο Πραγματιστικό Φαινόμενο, Η Συγκρότηση Κοινωνικού Κεφαλαίου - Θεσμοί Αλληλεγγύης - Δίκτυα, Ο Συνεργατισμός και η Νέα Εποχή, Οι Οργανώσεις της Κοινωνίας Πολιτών και η Κοινωνική Οικονομία, Νέες Τεχνολογίες και Οριζόντια Ισχύς, Τομείς Εφαρμογής και Δομές Στήριξης, Τομείς Εφαρμογής της Κοινωνικής Οικονομίας, Κοινωνικές Αναπτυξιακές Συμπράξεις, Αντί Επιλόγου, Η Διαλεκτική Σχέση ''Μέσου'' και ''Μηνύματος'', Παρεμβάσεις - Διάλογος, Βιβλιογραφία. |
| 700 1# - ΠΡΟΣΘΕΤΗ ΑΝΑΓΡΑΦΗ--ΦΥΣΙΚΟ ΠΡΟΣΩΠΟ | |
| Personal name | Τακτικός Βασίλης |
| 9 (RLIN) | 3806 |
| 942 ## - ADDED ENTRY ELEMENTS (KOHA) | |
| Koha item type | Books |
| Τύπος τεκμηρίου | Βιβλιοθήκη | Τρέχουσα τοποθεσία | Barcode | Αριθμός εισαγωγής | Ημερομηνία απόκτησης | Ταξιθετικό σύμβολο | Αριθμός αντιτύπου | Κατάσταση απόσυρσης | Κατάσταση χαμένου | Κατάσταση κατεστραμμένου | Μη δανεισμός | Σύνολο δανεισμών | Ημερομηνία τελευταίας εμφάνισης | Η τιμή ισχύει από |
|---|---|---|---|---|---|---|---|---|---|---|---|---|---|---|
| Books | MC Athens Campus Library | MC Athens Campus Library | 9780000030245 | 5886 | 05/06/2025 | 330 ΤΑΚ | 1 | 05/06/2025 | 05/06/2025 |